Âm nhạc và mĩ thuật 9
محفوظ في:
| المؤلف الرئيسي: | |
|---|---|
| مؤلفون آخرون: | |
| التنسيق: | كتاب |
| اللغة: | Undetermined |
| منشور في: |
H.
Giáo dục
2005
|
| الموضوعات: | |
| الوصول للمادة أونلاين: | http://lrc.tdmu.edu.vn/opac/search/detail.asp?aID=2&ID=4931 |
| الوسوم: |
إضافة وسم
لا توجد وسوم, كن أول من يضع وسما على هذه التسجيلة!
|
| Thư viện lưu trữ: | Trung tâm Học liệu Trường Đại học Thủ Dầu Một |
|---|
| LEADER | 00628nam a2200193Ia 4500 | ||
|---|---|---|---|
| 001 | TDMU_4931 | ||
| 008 | 210410s9999 xx 000 0 und d | ||
| 082 | |a 780.71 | ||
| 090 | |b H407 | ||
| 100 | |a Hoàng, Long | ||
| 245 | 0 | |a Âm nhạc và mĩ thuật 9 | |
| 260 | |a H. | ||
| 260 | |b Giáo dục | ||
| 260 | |c 2005 | ||
| 300 | |a 128tr | ||
| 650 | |a Sách lớp 9 |v Giáo khoa; Âm nhạc |x Dạy và học; Mĩ thuật |x Dạy và học | ||
| 700 | |a Đàm, Luyện | ||
| 856 | |u http://lrc.tdmu.edu.vn/opac/search/detail.asp?aID=2&ID=4931 | ||
| 980 | |a Trung tâm Học liệu Trường Đại học Thủ Dầu Một | ||